000 00434nam a2200133Ia 4500
008 211119s9999||||xx |||||||||||||| ||und||
082 _a894.812 3
_bDAS-B
100 _aDas, P N
245 0 _aBbudhan Kathiyeriyunnu
260 _bMathrubhumi Books
_aKottayam
_c2000
300 _a144p
650 _aLiterature & rhetoric
_v Literatures of other languagesAltaic, Uralic, Hyperborean & Dravidian Malayalam
_xGeneral Stack
942 _cBOOK
999 _c119913
_d119913